Transferencia de calor aplicada a la ingenieria./James R. Welty J (Registro nro. 24294)
[ vista simple ]
| 000 -LÍDER | |
|---|---|
| fixed length control field | 00382nam a2200133 4500 |
| 020 ## - NÚMERO INTERNACIONAL NORMALIZADO PARA LIBROS | |
| ISBN | 968-18-0628-X |
| 050 ## - SIGNATURA TOPOGRAFICA DE LA BIBLIOTECA DEL CONGRESO (LC) | |
| Número de Clasificación | TJ260 W464 |
| 082 ## - NUMERO DE CLASIFICACION DECIMAL DEWEY | |
| Número de Clasificación | 660.284 2 W621t |
| 100 ## - ASIENTO PRINCIPAL--NOMBRE PERSONAL | |
| Nombre personal | Welty James R. |
| 245 ## - TÍTULO | |
| Título | Transferencia de calor aplicada a la ingenieria./James R. Welty J |
| 260 ## - PUBLICACIÓN, DISTRIBUCIÓN, ETC. (PIE DE IMPRENTA) | |
| Lugar de publicación, distribución, etc. | Mexico:Limusa |
| 300 ## - DESCRIPCIÓN FÍSICA | |
| Extensión | 537p./25cm. |
| 650 ## - ASIENTO SECUNDARIO DE MATERIA - TERMINO TEMÁTICO | |
| Término temático o nombre geográfico como elemento de entrada | 1.TRANSFERENCIA DE CALOR APLICADA A LA INGENIERIA. |
| No. biblioteca | No. biblioteca | Número de clasificación | Código de barras/Número de adquisición | Número de copia | Tipo de material |
|---|---|---|---|---|---|
| LUIS G. INCLAN | LUIS G. INCLAN | 660.284 2 W621t | 19976 | 1 | Libros |
